| 000 | 00957nam a22002537a 4500 | ||
|---|---|---|---|
| 005 | 20240530110611.0 | ||
| 008 | 161016s2014 ua a g b 000 0dara d | ||
| 017 |
_a2013/15593 _bمصر. دار الكتب |
||
| 020 | _a9789772766642 | ||
| 040 |
_aEG-CaGPL _cEG-CaGPL |
||
| 082 | 0 | 4 |
_221 _a659.1042\ _bم إ |
| 100 | 0 | _aمى ابراهيم حمزة . | |
| 245 | 1 | 2 |
_aالاستخدامات الدلالية فى حملات التسويق الاجتماعى و تاثيرها على المتلقى / _cاعداد مى ابراهيم حمزة . |
| 250 | _aط1. | ||
| 260 |
_aالقاهرة : _bالمكتب العربى للمعارف ، _c2014 . |
||
| 300 |
_a275 ص : _bايض ؛ _c24 سم . |
||
| 504 | _aببليوجرافية : ص 255 - 274 | ||
| 650 | 0 | 4 |
_2qrmak _aالاعلان |
| 650 | 0 | 4 |
_aالحملات الاعلانية _2qrmak |
| 650 | 0 | 4 |
_aالتسويق _2qrmak |
| 651 | _2qrmak | ||
| 942 |
_2ddc _cBK |
||
| 999 |
_c62852 _d62852 |
||